000 02327cam a22004814i 4500
003 PE-LiUPU
005 20250731173011.0
008 150623s1998 ag a r 000 0 spa d
020 _a9505736916
035 _a(Sirsi) i9789505736911
040 _aPE-LiUPU
_bspa
_cPE-LiUPU
_erda
049 _aPRUA
082 _223
_a267.62673
_bI24g
110 _aIglesia Adventista del Séptimo Día
_bDepartamento JA. División Sudamericana
_9993
245 1 0 _aGuía mayor :
_bmanual de recursos para instructores /
_cIglesia Adventista del Séptimo Día. Departamento JA. División Sudamericana
264 1 _aBuenos Aires[Sao Paulo] :
_bDivisión SudamericanaDepto. JA División Sudamericana,
_c1998.
300 _a142 páginas :
_bilustraciones, gráficos ;
_c28 centímetros.
336 _atext
_2rdacontent
337 _aunmediated
_2rdamedia
338 _avolume
_2rdacarrier
500 _aAutor: "Iglesia Adventista del Séptimo Día", copiado de la ficha catalográfica.
505 0 _aFundamentos del consejero de Conquistadores -- La organización del Club de Conquistadores -- Descripción de las tareas del consejero, el capitán y el secretario -- Comprensión de las necesidades de desarrollo del conquistador -- Entrenamiento en servicio -- Desarrollo de nuevas técnicas -- Técnicas de grupo útiles en la conducción de una unidad de conquistadores -- Técnicas de comunicación -- Técnicas de acampar -- Creatividad y desarrollo de recursos y materiales -- Evangelización infantil y juvenil.
526 _aSEG42
526 _aSEG41
526 _aSEG40
526 _aSEG39
526 _aP94
526 _aP87
526 _aP86
526 _aP85
526 _aP77
526 _aP76
526 _aP35
650 0 4 _aClub de Conquistadores
_vManuales (IASD).
650 0 4 _aEducación Religiosa (IASD)
_vManuales.
650 0 4 _aGuías Mayores (IASD)
_vManuales.
942 _2ddc
_cBK
949 _a267.602 I35I
_wDEWEY
_c1
_i53914
_d2016-11-2
_e2016-10-31
_lCCODEBUL1
_mBUL
_n3
_r0
_sY
_tBOOK
_u2015-6-24
_xTEOLOGIA
_zUNKNOWN
_0COMPRA
_o.STAFF. Colección Teología
949 _a267.602 I35I
_wDEWEY
_c2
_i46566
_lILL
_mBUL
_r0
_sY
_tBOOK
_u2015-6-24
_xBIBLIOTECA
_zUNKNOWN
_0COMPRA
_o.STAFF. Colección Teología
980 _81
_gALBERTO SANCHEZ Responsable de Automatización
999 _c23330
_d23330